| 000 | 005030000a22001810004500 | ||
|---|---|---|---|
| 020 | _a1-85049-064-3 | ||
| 041 | 0 | _aENG | |
| 082 | 0 | 4 | _aG 253 J762g |
| 100 | 1 | _aJones, Hywel R. | |
| 245 | 1 | 0 | _aGospel and church : An evangelical evaluation of ecumenical documents on church unity / Hywel R. Jones |
| 260 | _a[S.L] : Evangelical | ||
| 300 | _a176 Pag | ||
| 001 | 6266 | ||
| 942 | _cBK | ||
| 999 |
_c36539 _d36539 |
||
| 336 |
_atexto _btxt _2rdacontent |
||
| 337 |
_2rdamedia _asin mediación _bn |
||
| 338 |
_2rdacarrier _avolumen _bnc |
||